000 00319nam a22001337a 4500
008 170926b xxu||||| |||| 00| 0 eng d
020 _a9780387097749
041 _aeng
080 _a37
100 _a46
101 _aEDU
245 _aGAMES PURPOSE AND POTEINTAL IN EDUCATION
_cMILLER.TH.CH
942 _2udc
_cBK
999 _c29886
_d29886